Pokémon - Flying-Type Pokémon - Statistics

General Stats
  • This quiz has been taken 298 times
    4 since last reset
  • The average score is 132 of 134
Answer Stats
Secondary Type Pokémon % Correct
Rock Aerodactyl
100%
Dragon Altaria
100%
Rock Archen
100%
Rock Archeops
100%
Ice Articuno
100%
Bug Beautifly
100%
Dark Bombirdier
100%
Normal Braviary
100%
Bug Butterfree
100%
Steel Celesteela
100%
SECONDARY FLYING-TYPE (Fire) Charizard
100%
Normal Chatot
100%
Bug Combee
100%
Rock Core Minior
100%
Steel Corviknight
100%
N/A Corvisquire
100%
Water Cramorant
100%
Poison Crobat
100%
Grass Dartrix
100%
Ice Delibird
100%
Normal Dodrio
100%
Normal Doduo
100%
Dragon Dragonite
100%
Ghost Drifblim
100%
Ghost Drifloon
100%
Water Ducklett
100%
Electric Emolga
100%
Electric Fan Rotom
100%
Normal Farfetch'd
100%
Normal Fearow
100%
Fighting Flamigo
100%
Fire Fletchinder
100%
Normal Fletchling
100%
Psychic Galarian Articuno
100%
Dark Galarian Moltres
100%
Fighting Galarian Zapdos
100%
Ground Gligar
100%
Ground Gliscor
100%
Poison Golbat
100%
Water Gyarados
100%
Fighting Hawlucha
100%
Psychic Hisuian Braviary
100%
Dark Honchkrow
100%
Fire Ho-oh
100%
Normal Hoothoot
100%
Grass Hoppip
100%
Fairy Incarnate Enamorus
100%
Ground Incarnate Landorus
100%
Electric Incarnate Thundurus
100%
MONOTYPE Incarnate Tornadus
100%
Dark Iron Jugulis
100%
Grass Jumpluff
100%
Electric Kilowattrel
100%
Bug Ledian
100%
Bug Ledyba
100%
Psychic Lugia
100%
Dark Mandibuzz
100%
Water Mantine
100%
Water Mantyke
100%
Bug Masquerain
100%
Rock Mega Aerodactyl
100%
Fire Mega Charizard Y
100%
Fairy Mega Clefable
100%
Dragon Mega Dragonite
100%
Fighting Mega Hawlucha
100%
Normal Mega Pidgeot
100%
Bug Mega Pinsir
100%
Dragon Mega Rayquaza
100%
Dragon Mega Salamence
100%
Steel Mega Skarmory
100%
Fighting Mega Staraptor
100%
Rock Minior
100%
Fire Moltres
100%
Bug Mothim
100%
Dark Murkrow
100%
Psychic Natu
100%
Bug Ninjask
100%
Normal Noctowl
100%
PRIMARY FLYING-TYPE (Dragon) Noibat
100%
Dragon Noivern
100%
Water Pelipper
100%
Normal Pidgeot
100%
Normal Pidgeotto
100%
Normal Pidgey
100%
Normal Pidove
100%
Normal Pikipek
100%
Electric Pom Pom Oricorio
100%
Dragon Rayquaza
100%
N/A Rookidee
100%
Grass Rowlet
100%
Normal Rufflet
100%
Dragon Salamence
100%
Bug Scyther
100%
Psychic Sigilyph
100%
Steel Skarmory
100%
Grass Skiploom
100%
Grass Sky Shaymin
100%
Normal Spearow
100%
Normal Squawkabilly
100%
Normal Staraptor
100%
Normal Staravia
100%
Normal Starly
100%
Normal Swablu
100%
Water Swanna
100%
Normal Swellow
100%
Psychic Swoobat
100%
Normal Taillow
100%
Fire Talonflame
100%
Fairy Therian Enamorus
100%
Ground Therian Landorus
100%
Electric Therian Thundurus
100%
N/A Therian Tornadus
100%
Fairy Togekiss
100%
Fairy Togetic
100%
Normal Toucannon
100%
Normal Tranquill
100%
Grass Tropius
100%
Normal Trumbeak
100%
Normal Unfezant
100%
Bug Vespiquen
100%
Bug Vivillon
100%
Dark Vullaby
100%
Electric Wattrel
100%
Water Wingull
100%
Psychic Woobat
100%
Psychic Xatu
100%
Bug Yanma
100%
Bug Yanmega
100%
Dark Yveltal
100%
Electric Zapdos
100%
Poison Zubat
100%
Fire Baile Oricorio
50%
Ghost Sensu Oricorio
50%
Psychic Pa'u Oricorio
25%
No matching quizzes found
Score Distribution
Percent of People with Each Score
Percentile by Number Answered
Your Score History
You have not taken this quiz since the last reset